| 000 | 00824nam a22001817a 4500 | ||
|---|---|---|---|
| 005 | 20250130105503.0 | ||
| 010 | _aHIN-125550 | ||
| 020 |
_c200.00 _a9789384046033 |
||
| 035 | _aHN-97896 | ||
| 037 | _bDBAD/PUB | ||
| 082 | _aक | ||
| 100 |
_aभाटिया, सुदर्शन _977272 |
||
| 245 |
_aशिक्षाप्रद प्रेरक प्रसंग / _cसुदर्शन भाटिया |
||
| 260 |
_aदिल्ली _bसौरभ प्रकाशन _c2020 |
||
| 270 |
_aजी -1/157 मेन 25 फूटा रोड पांचवा पुस्ता ( नियर टोल टैक्स ) सोनिया विहार _bदिल्ली _e110090 |
||
| 300 |
_a119प्, _b22से.मी. (सजिल्द) |
||
| 942 |
_2ddc _cHN _hक _mभाटिया |
||
| 999 |
_c197028 _d197028 |
||